000 00922nas a2200301 4500
001 BR0405646
003 BR-BrBNA
005 20231205105012.0
007 ta
008 230509b bl.|||p| |||| 00| 00por d
040 _aBR-BrBNA
_bpor
_cBiblioteca Nacional de Agricultura
041 _a(Es)
072 _aF60; F02
100 1 _aCarballo, L.
100 1 _aGarcia, M.R.
100 1 _aSotolongo, R.
100 1 _aAlonso, E.
100 1 _aDiaz, N.
100 1 _aSantos, Z.M. dos
245 1 _aEstudio de la composición mineral foliar de la especie Psidium salutare H.B.K. Berg. que crece en Cuba
650 _aPLANTA ORNAMENTAL
650 _aCOMPOSIÇÃO QUÍMICA
650 _aMEIO DE CULTURA
650 _aPROPAGAÇÃO VEGETATIVA
773 0 _tRevista Agricultura Tropical (Brazil)
_xISSN
_g(Oct 1996), v. 2(1) p. 101-110
_wBR0405646
909 _a202311
_bLúcia
_c55
_dLúcia Elande
942 _2AGRIS
_n0
_cANA
999 _c180717
_d180717